World Famous 101 Great Lives (Record no. 1972)

MARC details
000 -LEADER
fixed length control field 00239nam a22000857a 4500
008 - FIXED-LENGTH DATA ELEMENTS--GENERAL INFORMATION
fixed length control field 160705b xxu||||| |||| 00| 0 eng d
100 ## - MAIN ENTRY--PERSONAL NAME
9 (RLIN) 2291
Personal name Kothari, A.K., et al
245 ## - TITLE STATEMENT
Title World Famous 101 Great Lives
260 ## - PUBLICATION, DISTRIBUTION, ETC. (IMPRINT)
Place of publication, distribution, etc. Delhi
Name of publisher, distributor, etc. Pustak Mahal
Date of publication, distribution, etc. 2004
Holdings
Withdrawn status Lost status Source of classification or shelving scheme Damaged status Not for loan Home library Current library Date acquired Total Checkouts Full call number Barcode Date last seen Price effective from Koha item type
    Dewey Decimal Classification     Good Samaritan School Library Good Samaritan School Library 07/05/2016   823 KOT2333 07/05/2016 07/05/2016 BOOK

Powered by Koha